The Da Vinci Code / (Record no. 450)

000 -LEADER
fixed length control field 00536nam a2200181Ia 4500
008 - FIXED-LENGTH DATA ELEMENTS--GENERAL INFORMATION
fixed length control field 190805s9999||||xx |||||||||||||| ||und||
020 ## - INTERNATIONAL STANDARD BOOK NUMBER
International Standard Book Number 9788126412266
Terms of availability Rs. 460.00
082 04 - DEWEY DECIMAL CLASSIFICATION NUMBER
Classification number 813.54
Item number B8126
100 1# - MAIN ENTRY--PERSONAL NAME
Personal name Brown, Dan
245 14 - TITLE STATEMENT
Title The Da Vinci Code /
260 ## - PUBLICATION, DISTRIBUTION, ETC. (IMPRINT)
Place of publication, distribution, etc Kottayam :
Name of publisher, distributor, etc D C Books,
Date of publication, distribution, etc 2018
300 ## - PHYSICAL DESCRIPTION
Extent 469 p.
Other physical details :
Dimensions ; 21 cm.
650 #0 - SUBJECT ADDED ENTRY--TOPICAL TERM
Topical term or geographic name as entry element Cryptographers
Form subdivision Fiction
700 1# - ADDED ENTRY--PERSONAL NAME
Personal name Gopikrishnan, R.
700 1# - ADDED ENTRY--PERSONAL NAME
Personal name Thomas, Jomy
852 ## - LOCATION/CALL NUMBER
Location
942 ## - ADDED ENTRY ELEMENTS (KOHA)
Item type Books
Holdings
Withdrawn status Lost status Source of classification or shelving scheme Damaged status Not for loan Collection code Permanent location Current location Shelving location Date acquired Source of acquisition Cost, normal purchase price Total Checkouts Total Renewals Full call number Barcode Checked out Date last seen Date last borrowed Koha item type Public note
          Fiction IMU Kochi Library IMU Kochi Library General Stacks 2019-07-15 Green Books 460.00 4 2 813.54 B8126 BK005746 2026-07-01 2026-06-16 2026-06-16 Books Shelf-19, Row-5


Copyright © All Rights Reserved by Indian Maritime University, Kochi Campus.
For any Suggestions/Query Contact to library or Email: library.kochi@imu.ac.in Ph:(0484)-2989402
(Web OPAC Designed by Rudra Ranjan. Maintained by IMU Kochi Library)

Powered by Koha